02476cam a2200301 i 4500001001000000003000600010005001700016008004100033020001800074035002200092040009300114041000800207050002200215100002500237245004100262260004200303300003000345490003700375504006700412505019000479520131300669650004201982650003102024650002802055650002502083650003502108700003102143a38973837SIRSI20250702100849.0210810t20222022enk b 001 0 eng d a9781509543588 a(OCoLC)1263257944 aYDXbengerdacYDXdBDXdUKMGBdOCLCOdOCLCFdCDXdYDXdQGKdCIAdTOHdSHSdOCLdUtOrBLW aeng 4aP96.D36bM66 2022 aMonaco, Nickeauthor10aBotsc/ Nick Monaco, Samuel Woolley. aCambridge, MA :bPolity Press,c2022. aviii, 198 pages ;c22 cm. aDigital media and society series aIncludes bibliographical references (pages 159-187) and index.0 aWhat is a bot? — Bots and social life — Bots and political life — Bots and commerce — Bots and artificial intelligence — Theorizing the bot — Conclusion: The future of bots.8 aBots – automated software applications programmed to perform tasks online – have become a feature of our everyday lives, from helping us navigate online systems to assisting us with online shopping. Yet, despite enabling internet users, bots are increasingly associated with disinformation and concerning political intervention. In this ground-breaking book, Monaco and Woolley offer the first comprehensive overview of the history of bots, tracing their varied applications throughout the past sixty years and bringing to light the astounding influence these computer programs have had on how humans understand reality, communicate with each other, and wield power. Drawing upon the authors' decade of experience in the field, this book examines the role bots play in politics, social life, business, and artificial intelligence. Despite bots being a fundamental part of the web since the early 1990s, the authors reveal how the socially oriented ones continue to play an integral role in online communication globally, especially as our daily lives become increasingly automated. This timely book is essential reading for students and scholars in Media and Communication Studies, Sociology, Politics, and Computer Science, as well as general readers with an interest in technology and public affairs. 0aMass mediaxTechnological innovations 0aHuman-computer interaction 0aArtificial Intelligence 0aApplication software 0aGenerators (Computer programs) aWoolley, Samuel C.eauthor